000 00520nam a2200181 a 4500
005 20210219153102.0
008 991125n 000 0 spa u
035 _aUPN01000077226
100 1 _aTorres Quintero, Gregorio,
_d1866-1934
222 _aEDUCACION :
_bREVISTA MENSUAL
245 _aUna escuela de negros que muchos blancos desearĂ­an : notas de viaje
300 _a129-145
362 0 _a1923 Vol. 2, no. 3, jul.
653 0 _aESCUELA
653 0 _aRAZA NEGRA
904 _aAC
_b015037
905 _aArticulo
999 _c68068
_d68068